Derozio, poet of India: (Record no. 13121)

MARC details
000 -LEADER
fixed length control field 00820nam a22002057a 4500
005 - DATE AND TIME OF LATEST TRANSACTION
control field 2008060203433.0
008 - FIXED-LENGTH DATA ELEMENTS--GENERAL INFORMATION
fixed length control field 080602t xxu||||| |||| 00| p eng d
010 ## - LIBRARY OF CONGRESS CONTROL NUMBER
LC control number ENG-90249
020 ## - INTERNATIONAL STANDARD BOOK NUMBER
International Standard Book Number 0195669096
Terms of availability 795.00
035 ## - SYSTEM CONTROL NUMBER
System control number EN-73782
037 ## - SOURCE OF ACQUISITION
Source of stock number/acquisition DBAD / PUB
040 ## - CATALOGING SOURCE
Original cataloging agency DPL
Language of cataloging EN
082 ## - DEWEY DECIMAL CLASSIFICATION NUMBER
Classification number 881.092
245 ## - TITLE STATEMENT
Title Derozio, poet of India:
Remainder of title the definitive edition /
Statement of responsibility, etc edited, and with an introduction, by Rosinka Chaudhuri
260 ## - PUBLICATION, DISTRIBUTION, ETC. (IMPRINT)
Place of publication, distribution, etc New Delhi
Name of publisher, distributor, etc Oxford University Press
Date of publication, distribution, etc 2008
300 ## - PHYSICAL DESCRIPTION
Extent Lxxxi, 475p.
Dimensions 22 cm (Hb)
500 ## - GENERAL NOTE
General note Includes appendix & bibliographical references
942 ## - ADDED ENTRY ELEMENTS (KOHA)
Source of classification or shelving scheme Dewey Decimal Classification
Koha item type English Books
Classification part 881.092
Call number suffix DER
Holdings
Withdrawn status Lost status Damaged status Not for loan Collection code Home library Current library Date acquired Source of acquisition Cost, normal purchase price Total Checkouts Full call number Barcode Date last seen Copy number Cost, replacement price Price effective from Koha item type
      Not For Loan Non-fiction D.B.Act.Division D.B.Act.Division 02/06/2008 DBAD / PUB 795.00   881.092 DER EN-73782 15/09/2008 1 795.00 15/09/2008 English Books

© Delhi Public Library
Hit Counter
free hit counter